000
00307nam a2200121Ia 4500
008
191201s2019 xx 000 0 und d
100
_a
Engineers Academy
245
0
_a
Textile Testing Textile Engineering
260
_b
Engineers Academy Pub
_c
2019
300
_a
136
650
_a
B.Tech(TE)
942
_2
ddc
_c
BK
999
_c
7094
_d
7094